| 000 | 00533nam a2200181Ia 4500 | ||
|---|---|---|---|
| 008 | 200115s9999 xx 000 0 und d | ||
| 100 | _aRideout, Samantha | ||
| 245 | _aManaging nosebleeds/ | ||
| 245 | _cSamantha Rideout | ||
| 260 | _bReader's Digest Asia | ||
| 260 | _c2019 | ||
| 300 | _aPages 20-21, September 2019 | ||
| 440 |
_aAsia Reader's Digest: My Coma Miracle Cyclist's Triumph after horror accident _v116:679 |
||
| 650 | _ahealth | ||
| 650 | _amedical care | ||
| 650 | _anosebleed | ||
| 650 | _anosebleed treatment | ||
| 999 |
_c362930 _d362930 |
||